| 000 | 00365 a2200157 4500 | ||
|---|---|---|---|
| 001 | 61650 | ||
| 020 | _a8521238855 | ||
| 040 | _cAnchieta - Pituba | ||
| 100 | _aWitcher, Moony | ||
| 240 | 1 | 0 |
_aNina e o mistério da oitava nota _lpor |
| 245 | 1 | 0 | _aNina e o mistério da oitava nota |
| 300 | _a303 | ||
| 362 | 0 | _a2005 | |
| 650 | 4 | _aLiteratura juvenil | |
| 942 | _cBK | ||
| 999 |
_c61650 _d61650 |
||